000 01481nam a22001577a 4500
999 _c517708
_d517708
008 210724b ||||| |||| 00| 0 eng d
100 _aBowman, Ann O’M. and McKenzie, James H.
_927973
245 _aManaging a pandemic at a less than global scale: Governors take the lead
260 _aAmerican Review of Public Administration
300 _a50(6-7), Aug-Oct, 2020: p.551-559
520 _aThis article explores the roles played by state governments, and particularly governors, in dealing with an extremely disruptive event—the coronavirus global pandemic. The inquiry focuses on March and April 2020, a period characterized by significant public health challenges and severe economic stress. The coronavirus pandemic did not affect states at the same time or with the same intensity and as a consequence, governors varied somewhat in terms of when they acted and which policies they adopted. As shown in the article, gubernatorial interactions with other states were at times cooperative, in other instances they were competitive. Two states—Texas and Pennsylvania—are singled out for an examination of within-state dynamics. The article ends with brief reflections on the lessons of the coronavirus for public sector management in a federal system of government. - Reproduced
650 _aPandemic, Federalism, States, Governors, Policy adoption
_925689
773 _aAmerican Review of Public Administration
906 _aCOVID 19 PANDEMIC
942 _cAR